000 00627nam a22002057a 4500
005 20251108171854.0
008 250721s1994 xx 000 0 ara d
082 1 4 _a628.5/طلع
100 1 _aالأعوج، طلعت إبراهيم
245 1 0 _aالتلوث الهوائي و البيئة /
264 1 _aالقاهرة :
_bالهيئة المصرية العامة،
_c1994.
300 _aج1.
490 0 _aسلسلة العلم و الحياة ؛ 37
650 1 7 _aالتلوث
650 1 7 _aالبيئة
650 1 7 _aالهندسة الصحية
650 1 7 _aالهواء
942 _2ddc
_cBK
999 _c64820
_d64820